| 000 | 00000nam##2200000za#4500 |
| 001 | 9.616515 |
| 003 | CaOODSP |
| 005 | 20210615101643 |
| 007 | ta |
| 008 | 150406|2003||||xxc||||| f|0| 0 eng|d |
| 040 | |aCaOODSP|beng |
| 043 | |an-cn--- |
| 086 | 1 |aNH18-22/103-110E |
| 110 | 2 |aCanada Mortgage and Housing Corporation. |
| 245 | 10|aIntegrated design charrette for a sustainable UniverCity community |
| 260 | |bCanada Mortgage and Housing Corporation |c2003. |
| 300 | |a6p. : |billus. ; |c28 cm. |
| 490 | 1 |aResearch highlight. Technical series |v03-110 |
| 520 | 3 |aThese technical papers summarize a wide range of housing-related studies, reports, and manuals. They examine issues as diverse as low-maintenance northern landscaping; policy options for achieving healthy indoor air quality; and various aspects of building performance, including high-rise building envelope performance, performance of various building materials, and evaluations of district heating systems. |
| 563 | |aPamphlet |
| 590 | |a03-36|b2003-09-05 |
| 690 | 07|aHousing|2gcpds |
| 775 | 08|tCharrette de conception intégrée visant la collectivité de l'UniverCity |w(CaOODSP)9.626334 |
| 776 | 0#|tIntegrated design charrette for a sustainable UniverCity community |w(CaOODSP)9.581066 |
| 830 | #0|aResearch highlight. Technical series ;|v03-110|w(CaOODSP)9.514826 |